| 000 | 00325nam a2200133 i 4500 | ||
|---|---|---|---|
| 001 | bg | ||
| 100 | 1 | _aSAWONIAK, Henryk | |
| 245 | 0 |
_aBibliografia Bibliografii Polskich 1951-1960 / _cH. Sawoniak. |
|
| 260 |
_aWrocław, _c1967. |
||
| 040 | _cBPK | ||
| 041 | _apol | ||
| 942 | _cKS | ||
| 008 | s pl f |000 0 pol | ||
| 999 |
_c23623 _d23623 |
||
| 856 |
_uhttp://koha.tu.koszalin.pl/cgi-bin/koha/opac-detail.pl?biblionumber=23623 _yKatalog online BPK |
||